[Event "ESP-chA"]
[Site "Seville"]
[Date "2004.08.14"]
[Round "2"]
[White "Moreno Ruiz, Javier"]
[Black "Cifuentes Parada, Roberto"]
[Result "1/2-1/2"]
[WhiteElo "2463"]
[BlackElo "2543"]
[Annotator "Cifuentes Parada,L"]
[PlyCount "96"]
[EventDate "2004.08.03"]
[EventType "tourn"]
[EventRounds "5"]
[EventCountry "ESP"]
[EventCategory "11"]
[SourceTitle "CBM 103"]
[Source "ChessBase"]
[SourceDate "2004.11.11"]
[SourceVersion "1"]
[SourceVersionDate "2004.11.11"]
[SourceQuality "1"]

1. d4 d5 2. c4 c6 3. Nc3 Nf6 4. cxd5 cxd5 5. Bf4 Nc6 6. e3 Ne4 $5 (6... a6) 7.
Nge2 $1 (7. Bd3 Nxc3 8. bxc3 g6 9. Nf3 Bg7) (7. Nxe4 dxe4 8. Ne2 e5 $1 9. dxe5
Bb4+ 10. Nc3 Bxc3+ 11. bxc3 Qa5 12. Qb3 O-O 13. Bc4 Nxe5 14. O-O Nxc4 15. Qxc4
Bf5 $11) (7. Bd3 Nxc3 8. bxc3 g6 {D13}) (7. Nf3 Nxc3 8. bxc3 g6) 7... Nxc3 (
7... Bf5 $6 8. Qb3 $1 (8. f3 $143 Nxc3 9. Nxc3 e6 10. Bd3 Bg6 11. O-O Bd6 12.
Bxd6 Qxd6 13. Rc1 O-O $11 14. Bxg6 hxg6 15. Na4 e5 16. dxe5 Qxe5 17. Qd2 Rad8
18. Nc5 Qe7 19. Rfe1 Rfe8 20. Nb3 Ne5 21. Nd4 Nc4 22. Qf2 Rc8 23. b3 Ne5 24.
Qd2 a6 25. Rxc8 Rxc8 26. Rc1 Rc5 27. Rxc5 {1/2-1/2 Hauchard,A-Filippov,V/
Shenyang 1999/EXT 2000 (27)}) 8... e5 9. Bxe5 $1 (9. dxe5 $2 Nc5 10. Qxd5 Qb6
$1) 9... Nxe5 10. Nxe4 (10. dxe5 Nc5 11. Qxd5 Nd3+ 12. Kd2 Nxf2 13. Nd4 Qxd5
14. Nxd5 O-O-O 15. Rc1+ Kb8 16. Bc4 Be6 17. Rhf1 Ng4 18. Nf4 Bxc4 19. Rxc4 Nxe5
$11) 10... Bxe4 (10... Be7 11. dxe5 dxe4 12. Nc3 O-O 13. Bc4 $16) 11. dxe5 Qa5+
12. Nc3 Bb4 13. f3 Bf5 14. a3 Bxc3+ 15. Qxc3 $16) 8. Nxc3 e6 9. Bd3 Bd6 $6 (
9... Be7 $142 10. Qh5 (10. Rc1 O-O 11. O-O Bd7 12. Qh5 f5 13. g4 Be8 14. Qh3
Bg6 15. gxf5 $6 (15. Qg2 $11) 15... Bxf5 16. Bxf5 Rxf5 17. Ne2 Qd7 18. Bg3 Raf8
$15 19. Nf4 Bd6 20. Nd3 Rf3 (20... e5 $1) 21. Rfd1 Nb4 22. Nxb4 Bxb4 23. Qh5
Bd6 24. Rd2 R3f5 25. Qd1 h5 26. Bxd6 Qxd6 27. f4 Qb6 28. Rc3 Kh7 29. Rg2 Kh6
30. h4 g6 31. Qa4 e5 32. Rb3 Qd8 33. Rxb7 Qxh4 34. Qxa7 Qe1+ {1/2-1/2 Peng
Zhaoqin-Zhukova,N/Dresden 2004}) 10... Bd7 11. O-O g6 12. Qf3 (12. Qh6 Bf8)
12... O-O 13. Bh6 Re8 14. e4 Nxd4 15. Qf4 dxe4 16. Bxe4 Qa5 $6 (16... Bc6 $1
17. Rad1 Bd6 $1) 17. Bxg6 $1 Nf5 18. Bxf5 Qxf5 19. Qxf5 exf5 20. Nd5 $14 Rac8
21. Rfd1 Be6 22. Nxe7+ Rxe7 23. Rd3 f6 24. Be3 b6 25. a3 Rc2 26. b4 Ra2 27.
Rxa2 Bxa2 28. h3 Kf7 29. Rd8 Ke6 30. Bf4 Rd7 31. Re8+ Kd5 32. Rc8 Ke4 33. Bb8
Be6 34. Re8 Kd5 35. Bf4 Bf7 36. Rc8 Ke4 37. Bb8 Be6 38. Re8 Kd5 39. Kh2 Bf7 40.
Rc8 Kd4 41. Rc6 Bd5 42. Rxf6 Rg7 43. f3 Rf7 44. Rxf7 Bxf7 45. Bxa7 Kc4 46. Bxb6
Kb3 47. Bc5 Kxa3 48. Kg3 Bc4 49. b5+ Ka4 50. b6 Ba6 51. Kf4 Kb5 52. Be3 Bc8 53.
Kg5 Kc6 54. Kh6 Ba6 55. h4 Bf1 56. g3 Bg2 57. f4 {1-0 Stefanova,A-Zhukova,N/
Dresden GER 2004}) 10. Bxd6 Qxd6 11. Qh5 $1 Nb4 (11... g6 12. Qh6 Qf8 13. Qf4
Qe7 14. h4 $14) 12. Bb1 Qa6 13. Kd2 $1 (13. Qe2 Bd7 $11) 13... Bd7 14. Rc1 Qb6
(14... Nc6 15. Bd3 Qb6 16. Rab1 Rc8 17. b4 $1) 15. a3 Nc6 (15... Na6 16. b4 Nc7
17. Bc2 $14) 16. b4 a5 17. b5 Ne7 18. Bd3 Qd6 19. Na4 b6 20. Qe5 Qxe5 21. dxe5
Rb8 22. Rc7 Kd8 23. Rac1 Nc8 $6 (23... f6 $142 $1 24. exf6 (24. f4 fxe5 25.
fxe5 Ng6 $1 26. Bxg6 (26. Ra7 Nxe5 27. Nxb6 Be8 28. Ra8 Rxa8 29. Nxa8 Nxd3 30.
b6 Bd7 31. Kxd3 Ke7 32. Nc7 Rb8 33. Rb1 Kd6) 26... hxg6 27. h3 Rf8 $1) 24...
gxf6 $13) 24. f4 Re8 25. g4 Re7 26. g5 Be8 27. R7c2 Na7 28. Rb2 Bd7 $1 29. Rg1
Re8 30. Rg3 Rh8 $1 31. Nc3 Ke7 32. Rb1 h6 $11 33. g6 f6 34. exf6+ Kxf6 35. f5
exf5 36. Nxd5+ Ke5 37. Nf4 Rhe8 38. a4 Nc8 39. Rc1 Nd6 40. Rc7 Rb7 41. Rc3 Rc8
42. Nh5 Rxc3 43. Kxc3 Rc7+ 44. Kb2 Be6 45. Rg1 Bd5 46. Rf1 (46. Rc1 $2 Rxc1 47.
Kxc1 Bf3 48. Nf4 Nb7 49. Bc2 Nc5 50. Kb2 Ne6 51. Nd3+ Kf6 52. Bb3 Be4 53. Nf2
Nc5 $19) 46... Be6 $2 $138 (46... Be4 $1 47. Bxe4 (47. Rd1 $2 Bf3) 47... Nc4+
48. Ka2 Nxe3 $1 49. Rf4 (49. Bd3 $8 Nxf1 50. Bxf1 f4 $19 51. Kb2 Ke4 52. Bg2+
f3 53. Bh3 Ke3 54. Ng3 (54. Kb3 Kd2 55. Ng3 f2 56. Nf1+ Ke1 57. Bg2 Rc8 58. Ne3
Re8 59. Nf1 Re6 $19) 54... Kf2 55. Ne4+ Kg1) 49... fxe4 50. Rf7 Rc2+ 51. Kb3
Rxh2 52. Nxg7 Rh3 $1 53. Ka2 Rg3 54. Re7+ Kf6 55. Nh5+ Kxe7 56. Nxg3 Kf6 $19)
47. Rg1 Ne8 48. Rf1 Nd6 1/2-1/2

[Event "Snowdrops-Old Hands"]
[Site "Podebrady"]
[Date "2013.12.05"]
[Round "5.4"]
[White "Gulko, Boris F"]
[Black "Muzychuk, Mariya"]
[Result "1/2-1/2"]
[WhiteElo "2543"]
[BlackElo "2491"]
[Annotator "Cvek,Ro"]
[PlyCount "59"]
[EventDate "2013.11.30"]
[EventType "schev"]
[EventRounds "8"]
[EventCountry "CZE"]
[SourceTitle "CBM 157 Extra"]
[Source "ChessBase"]
[SourceDate "2013.12.19"]
[SourceVersion "1"]
[SourceVersionDate "2013.12.19"]
[SourceQuality "1"]
[WhiteTeam "Old Hands"]
[BlackTeam "Snowdrops"]
[WhiteClock "0:20:39"]
[BlackClock "0:05:11"]

1. d4 d5 2. c4 c6 3. cxd5 {This is a favorite move of GM Gulko. I remember his
old games where he played exactly the same moves.} cxd5 4. Bf4 Nc6 5. e3 Bf5 6.
Nc3 {In positions like this it seems to me that Black has no problems with
compensation, but you need to know this and have to have the temperament to
play such positions. That is not easy at all, especially for the aggressive
Snowdrop.} e6 7. Qb3 Bb4 8. a3 $5 {GM Plachetka proposed this move during
analysis, as a possible improvement for White, and that was exactly what
happened.} Bxc3+ 9. bxc3 ({Taking back with the queen:} 9. Qxc3 {would just
help Black, especially after} Rc8) 9... Qd7 10. Nf3 Nge7 11. a4 $1 {Nice
strategic move. To be honest, after a first look at the position I thought
that Black is okay. She would play 11...b6, then move her knight to a5 with a
blockade. However the white bishops would be strong. That is an instructive
strategic lesson.} b6 12. Ba6 $1 {Yes, he took control of the square c8, so
the plan for Black is not that clear anymore.} O-O 13. O-O Na5 14. Qa2 Nec6 15.
Nd2 Nb8 16. Bb5 Qb7 17. Rfe1 $1 {This is a nice move, with an idea of playing
e4 after preparing f3. Now, we can see that the position of White is a bit
better.} Rc8 18. Rac1 a6 19. Bf1 b5 20. Qb2 $6 (20. axb5 $1 {recommended by
the GM Plachetka, is the key to lock in the advantage.} axb5 21. Qb2 Nc4 22.
Nxc4 dxc4 23. f3 {with a better game.}) 20... bxa4 {The ending is better for
the White, but it is still is not too clear.} 21. Qxb7 Nxb7 {The pawns on the
a file are complicating life for White.} 22. c4 Nc6 23. Rc3 Nb4 $1 {The
correct activity of the knight.} 24. Ra1 Bc2 $1 25. Rc1 ({It would be good to
consider} 25. c5 {but Black has a nice square for the knight after 25...Na5
and 26...Nac6!}) 25... dxc4 $2 {Unnecessarily complicated. Black did not have
too much time and she thought that the position was not too good for her. That
is why she went for tactic complications. However, if she moved her bishop
back she would be okay.} 26. R3xc2 Nxc2 27. Rxc2 Na5 28. Bd6 c3 29. Ne4 Nb3 30.
g4 $1 {This is really good move - it creates space and also controls the
square f5.} ({After} 30. g4 Rc6 31. Rxc3 Rac8 32. Bc5 {White has a clear
advantage. But he offered a draw, which Black gladly accepted.}) 1/2-1/2

[Event "Bundesliga 0405"]
[Site "Germany"]
[Date "2005.04.10"]
[Round "15.7"]
[White "Graf, Alexander"]
[Black "Dautov, Rustem"]
[Result "1/2-1/2"]
[WhiteElo "2646"]
[BlackElo "2623"]
[Annotator "Dautov,R"]
[PlyCount "56"]
[EventDate "2004.11.12"]
[EventType "team-tourn"]
[EventRounds "15"]
[EventCountry "GER"]
[SourceTitle "CBM 106"]
[Source "ChessBase"]
[SourceDate "2005.06.06"]
[SourceVersion "1"]
[SourceVersionDate "2005.06.06"]
[SourceQuality "1"]
[WhiteTeam "Porz"]
[BlackTeam "Baden Oos"]
[WhiteTeamCountry "GER"]
[BlackTeamCountry "GER"]

1. d4 Nf6 2. c4 c6 3. Nc3 d5 4. Nf3 a6 5. h3 {Diese Fortsetzung ist relativ
selten. Weiß führt einen nützlichen Zug aus, ohne seine Pläne festzulegen.} e6
(5... dxc4 $6 6. a4 e6 7. e3 c5 8. Bxc4 {führt zu einer Stellung aus dem
angenommenen Damengambit mit einem Mehrtempo für Weiß.}) 6. cxd5 {Die anderen
erprobten Fortsetzungen sind 6.Bg5 und 6.e3.} cxd5 {Seine Vorteile hat auch 6..
.exd5.} (6... exd5 7. Qc2 (7. Bf4 Bd6 8. Bxd6 Qxd6 9. Qc2 g6 $11) 7... Bd6 $1
8. Bg5 Nbd7 9. e3 h6 10. Bf4 (10. Bxf6 Nxf6 11. Bd3 $11) (10. Bh4 g5 11. Bg3
Bxg3 12. fxg3 Qc7 $13) 10... Bxf4 11. exf4 O-O 12. O-O-O Re8 13. Bd3 c5 $11 {
Legky,N-Prie,E/La Reunion 1997}) 7. Bf4 (7. Bg5 Bd6 8. e3 h6 $11) 7... Bd6 8.
Bxd6 Qxd6 9. e3 Nc6 {Hier verbrauchte ich viel Zeit für die Entscheidung, wie
ich meinen Damenflügel entwickeln soll. Wie so oft, wurde dabei die falsche
Entscheidung getroffen.} ({Es war nicht einzuwenden gegen das typische
Entwicklungsschema} 9... O-O 10. Bd3 Nbd7 11. O-O b5 (11... b6 $5) 12. Rc1 Bb7
$11) 10. Bd3 b5 $2 {Dies ist ein klarer positionelle Fehler. Zum Springer auf
c6 paßte der Zug Bd7 ,und, umgekehrt, zum Zug b7-b5 paßt die Entwicklung Nbd7.
Wie Alexander bald beweisen wird, ist die Schwäche des Feldes c5 nach dem
Textzug erheblich.} (10... Bd7 $1 11. O-O O-O 12. Rc1 Rac8 $11) 11. Rc1 Bb7 12.
O-O O-O 13. Ne2 $1 {Der Springer macht sich sofort auf den Weg nach d3. Dabei
sollte Weiß nach Möglichkeit seine Damenflügelbauern nicht fortbewegen, um den
Gegener keine Angriffsziele zu bieten.} (13. a3 Na5 $1 $11) 13... Rac8 14. Nf4
h6 {Der typische Vorstoß 14...e5 bringt Schwarz keinen vollständigen Ausgleich,
er war jedoch der beste Weg.} (14... e5 $1 15. dxe5 Nxe5 16. Nxe5 (16. Rxc8
Nxf3+ 17. Qxf3 Rxc8 18. Ne2 Qb4 $132) (16. Be2 Rxc1 17. Qxc1 Rc8 18. Qd1 Nxf3+
19. Bxf3 Qe5 20. Qe2 $14) 16... Qxe5 17. Qd2 Ne4 18. Qb4 Rfe8 19. Rxc8 (19. Ne2
$2 Rxc1 20. Rxc1 $2 Nxf2 $1 $15) 19... Rxc8 20. Ne2 $14) 15. Be2 $1 Nd7 $6 ({
Besser war wohl} 15... Ne4 16. Nd3 Nb4 {, um den starken Nd3 sofort
abzutauschen. Aber Weiß behält seinen Druck nach} 17. Nfe5 $1 {A.Graf} Rxc1 18.
Qxc1 Rc8 19. Qd1 f6 20. Nxb4 Qxb4 21. Nd3 $14) 16. Qd2 $1 $14 {Weiß hat keine
Eile mit seinem Springermanöver.} (16. Nd3 $6 Nb4 $1) 16... b4 $6 {Hier faßte
ich eine taktische Abwicklung ins Auge und verrechnete mich dabei.} (16... Qb4
17. Qxb4 Nxb4 18. a3 Nc6 19. b4 $14) (16... Nf6 17. Nd3 Ne4 18. Qe1 $14) (16...
f6 $5 17. Nd3 e5 $132) 17. Nd3 a5 18. Nc5 Nxc5 19. Rxc5 e5 $2 {Das war die
Idee hinter 16...b4, aber meine Berechnung war falsch. Die entstandene
Stellung ist allerdings bereits recht unangenehm für Schwarz.} (19... Ne5 20.
Rfc1 Nxf3+ 21. Bxf3 Rxc5 22. Rxc5 $14) 20. Rb5 $1 (20. Rfc1 $2 e4 21. Ne1 Rfd8
$11) 20... Ba6 21. dxe5 Qe6 22. Rb6 $2 {Netterweise revanchiert sich Alexander
mit einem Gegenfehler. Mit 22.Rc5! konnte er seinen Mehrbauern festhalten.} (
22. Rc5 $1 Nxe5 23. Nd4 Qd6 (23... Qb6 24. Rxd5 Nc4 25. Qd3 $1 $16) 24. Rxa5
Nc4 25. Bxc4 dxc4 26. Rc1 Rfd8 27. Ra4 Rb8 $16) 22... Bxe2 $11 {Nun ist
Schwarz außer Gefahr.} 23. Nd4 (23. Qxe2 $2 Nd4 $1 $15) 23... Qxe5 24. Nxc6 Qc7
(24... Rxc6 $5 25. Rxc6 Bxf1 26. Kxf1 Qe4 $11) 25. Qxe2 Qxb6 26. Ne7+ Kh8 27.
Nxc8 Rxc8 28. Qd2 Qe6 (28... Qe6 29. Rd1 Rc5 $11) 1/2-1/2

[Event "BL2-West 9495"]
[Site "Germany"]
[Date "1995.??.??"]
[Round "4.1"]
[White "Dautov, Rustem"]
[Black "Cuijpers, Frans Andre"]
[Result "1-0"]
[WhiteElo "2625"]
[BlackElo "2435"]
[Annotator "Dautov,R"]
[PlyCount "81"]
[EventDate "1994.10.??"]
[EventType "team-tourn"]
[EventRounds "9"]
[EventCountry "GER"]
[SourceTitle "GER-chT2"]
[Source "ChessBase"]
[SourceDate "1999.07.01"]
[SourceVersion "1"]
[SourceVersionDate "1999.07.01"]
[SourceQuality "1"]
[WhiteTeam "Gelsenkirchen"]
[BlackTeam "Muenster"]
[WhiteTeamCountry "GER"]
[BlackTeamCountry "GER"]

1. d4 d5 2. c4 c6 3. Nc3 dxc4 4. e4 b5 5. a4 b4 (5... e5 6. Nf3 exd4 7. Qxd4
Qxd4 8. Nxd4 b4 9. Nd1 Ba6 10. Bf4 Nf6 11. f3 Bc5 12. Nf5 O-O 13. Rc1 c3 14.
bxc3 g6 15. Ng3 Nfd7 16. cxb4 Bxb4+ 17. Bd2 $14 {Kasparov-Huebner/Belfort/1988}
) 6. Na2 e5 7. Nf3 (7. Bxc4 $6 Qxd4 8. Qb3 Qxe4+ 9. Ne2 Qg6) 7... exd4 {N} (
7... Be6 8. Nxe5 Nf6 9. Bxc4 Bxc4 10. Nxc4 Nxe4 11. Qe2 Qe7 12. O-O b3 13. Re1
bxa2 14. Qg4 $16 {Addison-Benediktsson/Reykjavik/1968}) 8. Bxc4 (8. Qxd4 $6
Qxd4 9. Nxd4 Ba6 {פa2}) 8... Ba6 (8... Bc5 $2 9. Ne5 $16) 9. Bxa6 (9. Qb3 $2
Bxc4 10. Qxc4 c5 11. Ne5 Qc7 12. Qd5 Nf6 13. Qxa8 Qxe5 $17 {/\b3}) 9... Nxa6
10. Qxd4 Qxd4 (10... Nf6 11. Qc4 Nc5 12. Nxb4 $16) (10... Nc5 11. O-O (11. Nxb4
$2 Nb3 $17) 11... Nb3 12. Qc4 Nxa1 13. Qxc6+ Ke7 14. Qb7+ Ke8 15. Ne5 Be7 16.
Qc6+ Kf8 17. Nd7+ Ke8 18. Nb8+ Kf8 19. Qxa8 $18) 11. Nxd4 Ne7 $6 (11... c5 $1
12. Nb5 Nf6 13. f3 Be7 (13... b3 $2 14. Nac3 c4 15. Be3 $16) 14. Be3 O-O (14...
O-O-O $2 15. Nxa7+ Kb7 16. Nb5 Rd3 17. Ke2 Rb3 18. Rab1 $16 {/\Nc1}) 15. Rc1
Rfc8 16. Ke2 $14) 12. Be3 c5 13. Nb3 $1 (13. Nb5 $6 Nc6 14. Rd1 (14. Ke2 O-O-O
$1 {פa2}) 14... Be7 15. Ke2 O-O 16. Rd7 Rfd8 $132) 13... Nc6 14. Rc1 Ne5 15.
Ke2 c4 (15... Rc8 16. Rhd1 Be7 17. f4 Ng4 18. Bg1 $16) 16. Nd2 (16. Na5 $2 b3
17. Nc3 Bb4 18. Bd4 Nd3 19. Nxc4 Nxc1+ 20. Rxc1 O-O $13) 16... b3 (16... Nd3 $2
17. Rxc4 Nxb2 18. Rc6 Nb8 19. Rc8+ Kd7 20. Rhc1 $18) 17. Nc3 $16 Nd3 (17... Bb4
18. Nd5 Bxd2 19. Kxd2 f5 20. Bd4 fxe4 21. Bxe5 Rd8 22. Rxc4 Rxd5+ 23. Ke3 O-O
24. Bd4 $16) 18. Rb1 Rc8 19. Nb5 $1 (19. Nxc4 Nxf2 20. Bxf2 Rxc4 21. Bxa7 Bc5
22. Bxc5 Nxc5 $14) 19... Be7 (19... Nab4 20. Nxa7 Rc7 21. Nb5 Rc8 22. Na3 $18)
20. Nxa7 Rc7 21. Nb5 Rc6 22. Nd4 Rc8 23. Nf5 (23. N2xb3 cxb3 24. Kxd3 Nc5+ 25.
Ke2 Nxa4 $16) 23... Nab4 24. Bd4 Kd7 25. Ne3 $18 Ke6 (25... Bc5 26. Bxc5 Nxc5
27. a5 $18) 26. Ndxc4 Rhd8 27. Bc3 Nf4+ 28. Kf3 Nbd3 29. h4 g6 30. g3 Nh5 31.
Rhd1 f5 32. exf5+ gxf5 33. Ba5 Rd7 34. Ke2 Nc5 35. Nb6 Rxd1 36. Rxd1 Rf8 37.
Ned5 Bd6 38. Nc4 Bb8 39. Bb4 Rc8 (39... Rd8 40. Ncb6 Nxa4 41. Nxa4 Rxd5 42.
Nc5+ $18) 40. Ncb6 Rc6 41. Rc1 1-0

[Event "EU-ch 4th"]
[Site "Istanbul"]
[Date "2003.05.30"]
[Round "1"]
[White "Pedersen, Nicolai Vesterbaek"]
[Black "Dautov, Rustem"]
[Result "0-1"]
[WhiteElo "2508"]
[BlackElo "2611"]
[Annotator "Dautov,R"]
[PlyCount "205"]
[EventDate "2003.05.30"]
[EventType "swiss"]
[EventRounds "13"]
[EventCountry "TUR"]
[SourceTitle "CBM 096"]
[Source "ChessBase"]
[SourceDate "2003.09.25"]
[SourceVersion "1"]
[SourceVersionDate "2003.09.25"]
[SourceQuality "1"]

1. d4 Nf6 2. c4 c6 3. Nc3 d5 4. e3 a6 5. Qc2 g6 6. Bd3 Bg7 7. Nf3 O-O 8. O-O
Bg4 9. Ne5 Be6 10. Qb3 $5 {Ein neuer Zug in dieser bekannten Stellung. Wie
auch bei anderen Fortsetzungen, hat Schwarz hier bei umsichtigem Spiel nichts
zu befürchten.} (10. b3) (10. Bd2) (10. c5) 10... Qc7 $146 (10... Ra7 $6 11.
Bd2 Nbd7 12. Nxd7 Nxd7 13. cxd5 cxd5 14. Ne2 Bh6 15. Rfc1 Nb8 16. Bb4 Qd7 17.
Bc5 Ra8 18. Nc3 Nc6 19. Na4 $16 {Pedersen,N-Tischbierek,R/Bundesliga 2002/03})
11. Bd2 dxc4 12. Bxc4 Bxc4 13. Qxc4 (13. Nxc4 b5 14. Ne5 Nbd7 (14... c5 $11)
15. Nxd7 Nxd7 $11) 13... Nbd7 14. Nxd7 Nxd7 $6 ({Genauer war} 14... Qxd7 $1 15.
Rfd1 Rfd8 16. Rac1 Qd6 17. h3 e5 $11) 15. Rac1 Rac8 16. Ne4 Rfd8 17. Qb3 e6 18.
Rc4 Rb8 $5 {Weiß bekam einen leichten Druck, deswegen wird der Springertausch
mittels Nd7-f6 vorbereitet.} (18... e5 $6 19. d5 $14) (18... Nf6 19. Nc5 Rb8
20. Ra4 $1 $14) 19. Bb4 Nf6 20. Nxf6+ (20. Nc5 a5 $11) 20... Bxf6 21. Bc5 $2 {
Nach diesem oberflächlichen Zug wird Weiß selbst um Ausgleich bangen müssen.
Besser war 21.Qc3.} (21. Qc3 Rd7 $11) 21... b6 22. Bb4 (22. Ba3 $2 b5 23. Rc2
b4 24. Bxb4 a5 $17) 22... a5 23. Bd2 (23. Bc3 $2 b5 24. Rc5 Be7 $17) (23. Be1
e5) 23... e5 24. Qc2 Rbc8 25. dxe5 $6 {Richtig war laut FRITZ das schwer zu
findende 25.Bc3!} (25. Bc3 $1 b5 26. dxe5 $1 Bg7 27. Rd4 b4 28. Rxd8+ Rxd8 29.
Bd4 Bxe5 30. Bxe5 Qxe5 31. Qxc6 Qxb2 32. Qc7 $11) 25... Qxe5 (25... Bxe5 $5 26.
f4 b5 $15) 26. Bc3 Qe6 27. Bxf6 Qxf6 28. Rc1 c5 $15 {Schwarz hat die d-Linie
unter Kontrolle und steht somit besser.} 29. h4 Rd5 30. Rf4 Qd6 31. Qb3 Rd8 32.
Qc4 Qe6 33. Kh2 Rd2 $17 {Nach und nach gelang es mir, den Vorteil zu
vergrößern.} 34. Qb5 (34. Qxe6 fxe6 35. Rb1 Kg7 36. Kg3 R8d3 $17) 34... R8d6
35. a3 $2 Qe5 {/\Rxb2, Rxf2} 36. Rcc4 Rxb2 $19 37. Qa6 Rd8 38. Qb7 Rf8 (38...
f5 $1 $19) 39. g3 $2 Qxe3 40. Kg2 Qxa3 41. h5 Rb4 $2 {In Zeitnot hat Pedersen
drei Bauern eingestellt, aber hier beginne ich, ihm gleich zu tun.} (41... Qa2
$19) (41... Rb1 $1 $19 {/\Qa1}) 42. Rxb4 axb4 43. Qxb6 Qc3 44. Qc6 $138 Qe5 $2
$138 {Ich habe die Zugsequenz, die in der Partie vorkam, falsch berechnet.
Gewonnen hätte 44...b3!} (44... b3 $1 45. Rf3 Qb4 46. h6 b2 47. Qf6 Qd4 48.
Qxd4 cxd4 49. Rb3 d3 50. Rxb2 Rd8 51. Rd2 g5 52. Kf3 f5 53. Ke3 Kf7 54. Rxd3
Rxd3+ 55. Kxd3 Kg6 $19) 45. Rc4 Qe7 46. Rxc5 Rb8 47. h6 Qf8 48. Rb5 $1 b3 49.
Rxb8 Qxb8 50. Qf6 Qf8 {In meiner Vorausberechnung plante ich hier 51...Qb7+
und 52...Kf8 mit Gewinn und übersah dabei das Matt 53.Qd8!} (50... Qb7+ $4 51.
Kh2 Kf8 52. Qd8#) 51. Qc3 Qxh6 52. Qxb3 $11 {Wie gewonnen, so zerronnen! Das
Endspiel ist natürlich remislich, aber mit der neuen FIDE-Zeitkontrolle kann
man schier endlos auf Gewinn spielen. Mein Gegner hielt es irgendwann nicht
mehr aus...} Qg5 53. Qc3 h5 54. Qc8+ Kg7 55. Qc3+ Qf6 56. Qd3 Qe5 57. Qc4 g5
58. Qd3 Qe6 59. Qd4+ Kg6 60. Qd3+ Qf5 61. Qd6+ Kg7 62. Qd4+ Qf6 63. Qd5 Kh6 64.
Qe4 Qe6 65. Qa8 Kg7 66. Qd8 Qe4+ 67. Kg1 f6 68. Qd7+ Kg6 69. Qc8 h4 70. gxh4 $2
{Nach diesem Fehler bekommt Schwarz reale Gewinnchancen. Zum leichten Remis
führte 70.Qg8+.} (70. Qg8+ Kh5 71. Qh8+ Kg4 72. gxh4 $11) 70... gxh4 71. Qg8+
Kh5 72. Qh8+ Kg5 73. Qg7+ Qg6 74. Qc7 Kg4 75. Qc3 Qf5 $2 (75... Qg5 $1) 76. Kg2
Qd5+ $2 77. f3+ Kg5 78. Qe3+ Kf5 79. Qh6 $2 (79. Qe8 $1 $11) 79... Qg8+ $19 80.
Kf2 Qg3+ 81. Ke2 Qg2+ 82. Ke1 Qg5 83. Qf8 Kf4 84. Qb4+ Kxf3 85. Qb7+ Kg3 86.
Qb3+ Kh2 87. Qb2+ Kh3 88. Qb6 Qg3+ 89. Kf1 Qg2+ 90. Ke1 f5 91. Qf6 Qe4+ 92. Kf1
Qf4+ 93. Ke1 Qe3+ 94. Kf1 Qf3+ 95. Ke1 f4 96. Kd2 Qf2+ 97. Kd1 Kh2 98. Qf5 h3
99. Qe6 f3 100. Qe5+ Kh1 101. Qh5 h2 102. Qh6 Qg1+ 103. Kd2 0-1